[Event "Olympiad Women-45"]
[Site "Budapest"]
[Date "2024.09.22"]
[Round "11.2"]
[White "Lakos, Nikoletta"]
[Black "Gombocz, Zsofia"]
[Result "1/2-1/2"]
[WhiteElo "2192"]
[BlackElo "2061"]
[PlyCount "63"]
[EventDate "2024.09.11"]
[EventType "team-swiss"]
[EventRounds "11"]
[EventCountry "HUN"]
[SourceTitle "EXT 2025"]
[Source "ChessBase"]
[SourceDate "2024.10.14"]
[SourceVersion "1"]
[SourceVersionDate "2024.10.14"]
[SourceQuality "1"]
[WhiteTeam "Hungary (W) II"]
[BlackTeam "Hungary (W) III"]
[WhiteTeamCountry "HUN"]
[BlackTeamCountry "HUN"]

1. e4 e5 2. Nf3 Nc6 3. Nc3 Nf6 4. d4 exd4 5. Nxd4 Bb4 6. Nxc6 bxc6 7. Bd3 d5 8. exd5 cxd5 9. 0-0 0-0 10. h3 Bb7 11. Qf3 Rb8 12. Bg5 Be7 13. Ne2 d4 14. Qf5 Bc8 15. Qe5 Rxb2 16. Qxd4 Rb4 17. Qxd8 Rxd8 18. Rab1 Rb6 19. Nc3 Be6 20. a4 Rc6 21. Ne4 Bd5 22. Ng3 h6 23. Nf5 Bc5 24. Be3 a6 25. Bxc5 Rxc5 26. Ne3 a5 27. Nxd5 Nxd5 28. Rb5 Rxb5 29. axb5 Nb4 30. Ra1 Nxd3 31. cxd3 Rxd3 32. Rxa5 1/2-1/2

[Event "Olympiad Women-45"]
[Site "Budapest"]
[Date "2024.09.12"]
[Round "2.10"]
[White "Gombocz, Zsofia"]
[Black "Vega Gutierrez, Sabrina Neide"]
[Result "0-1"]
[WhiteElo "2061"]
[BlackElo "2374"]
[PlyCount "52"]
[EventDate "2024.09.11"]
[EventType "team-swiss"]
[EventRounds "11"]
[EventCountry "HUN"]
[SourceTitle "EXT 2025"]
[Source "ChessBase"]
[SourceDate "2024.10.14"]
[SourceVersion "1"]
[SourceVersionDate "2024.10.14"]
[SourceQuality "1"]
[WhiteTeam "Hungary (W) III"]
[BlackTeam "Spain (W)"]
[WhiteTeamCountry "HUN"]
[BlackTeamCountry "ESP"]

1. e4 c5 2. Nf3 e6 3. c4 Nc6 4. Nc3 Nd4 5. Nxd4 cxd4 6. Ne2 e5 7. Ng3 h5 8. h4 g6 9. Ne2 Qa5 10. g3 Nf6 11. Bg2 b5 12. cxb5 Qxb5 13. Qb3 Ba6 14. Qxb5 Bxb5 15. f4 Ng4 16. Bf3 Bd6 17. Bxg4 hxg4 18. f5 Bd3 19. fxg6 fxg6 20. Rf1 Ke7 21. b3 Raf8 22. Bb2 Rxf1+ 23. Kxf1 Rf8+ 24. Ke1 Bxe4 25. d3 Bb4+ 26. Kd1 Bxd3 0-1

[Event "HUN-chT1 Charousek 2324"]
[Site "Hungary"]
[Date "2024.05.12"]
[Round "11.7"]
[White "Jozsa, Csaba"]
[Black "Gombocz, Zsofia"]
[Result "1-0"]
[WhiteElo "2123"]
[BlackElo "2070"]
[PlyCount "91"]
[EventDate "2023.10.08"]
[EventType "team-tourn"]
[EventRounds "11"]
[EventCountry "HUN"]
[SourceTitle "EXT 2025"]
[Source "ChessBase"]
[SourceDate "2024.10.14"]
[SourceVersion "1"]
[SourceVersionDate "2024.10.14"]
[SourceQuality "1"]
[WhiteTeam "Gyor Elektromos"]
[BlackTeam "Haladas Szombathely II"]
[WhiteTeamCountry "HUN"]
[BlackTeamCountry "HUN"]

1. e4 e5 2. Bc4 Nc6 3. Nf3 Bc5 4. a3 a6 5. Nc3 Nf6 6. 0-0 d6 7. h3 h6 8. d3 0-0 9. Bd2 Be6 10. Bxe6 fxe6 11. Nh2 Qe8 12. g3 d5 13. Kg2 Rd8 14. Qe1 Qg6 15. f3 Rf7 16. Nd1 Nd4 17. Rc1 dxe4 18. dxe4 Rdf8 19. Nf2 Qh5 20. Nd3 Bd6 21. Be3 c5 22. c3 Nb3 23. Rd1 c4 24. Nc1 Nxc1 25. Rxc1 Nd7 26. Rd1 Bc7 27. Qe2 b5 28. Rd2 Qg6 29. Rfd1 Nf6 30. Bc5 Rc8 31. Bd6 h5 32. Bxc7 Rcxc7 33. h4 Nd7 34. Nf1 Nc5 35. Rd6 Nd3 36. Kh2 Qf6 37. Kg2 Ra7 38. b3 g5 39. bxc4 bxc4 40. Ne3 gxh4 41. Nxc4 Qg5 42. R6xd3 Qxg3+ 43. Kh1 Rg7 44. Qh2 Rac7 45. Nxe5 Rg5 46. f4 1-0

[Event "HUN-chT1 Charousek 2324"]
[Site "Hungary"]
[Date "2024.04.21"]
[Round "10.9"]
[White "Gombocz, Zsofia"]
[Black "Hitter, Gabriella"]
[Result "1/2-1/2"]
[WhiteElo "2071"]
[BlackElo "2046"]
[PlyCount "33"]
[EventDate "2023.10.08"]
[EventType "team-tourn"]
[EventRounds "11"]
[EventCountry "HUN"]
[SourceTitle "EXT 2025"]
[Source "ChessBase"]
[SourceDate "2024.10.14"]
[SourceVersion "1"]
[SourceVersionDate "2024.10.14"]
[SourceQuality "1"]
[WhiteTeam "Haladas Szombathely II"]
[BlackTeam "SZASTE"]
[WhiteTeamCountry "HUN"]
[BlackTeamCountry "HUN"]

1. e4 c5 2. Nf3 d6 3. Bb5+ Bd7 4. Bxd7+ Nxd7 5. 0-0 Ngf6 6. Qe2 e6 7. d4 cxd4 8. Nxd4 Be7 9. c4 0-0 10. Rd1 a6 11. b3 Qc7 12. Bb2 b6 13. Nc3 Rac8 14. Rd3 Qb7 15. Rg3 Rfd8 16. Qe3 Nf8 17. Kh1 1/2-1/2

[Event "HUN-chT1 Charousek 2324"]
[Site "Hungary"]
[Date "2024.02.18"]
[Round "6.11"]
[White "Fodor, Tamas Sr"]
[Black "Gombocz, Zsofia"]
[Result "0-1"]
[WhiteElo "1970"]
[BlackElo "2089"]
[PlyCount "60"]
[EventDate "2023.10.08"]
[EventType "team-tourn"]
[EventRounds "11"]
[EventCountry "HUN"]
[SourceTitle "EXT 2025"]
[Source "ChessBase"]
[SourceDate "2024.10.14"]
[SourceVersion "1"]
[SourceVersionDate "2024.10.14"]
[SourceQuality "1"]
[WhiteTeam "Paks ASE II"]
[BlackTeam "Haladas Szombathely II"]
[WhiteTeamCountry "HUN"]
[BlackTeamCountry "HUN"]

1. d4 d5 2. c4 e6 3. Nf3 Nf6 4. e3 Be7 5. Nc3 a6 6. a3 b6 7. cxd5 Nxd5 8. Bd2 Bb7 9. Be2 0-0 10. 0-0 Nd7 11. Rc1 c5 12. Nxd5 Bxd5 13. Bc3 c4 14. Qe1 b5 15. Ba5 Qb8 16. Bb4 Bxb4 17. Qxb4 a5 18. Qe1 Qb7 19. Qd1 Nb6 20. Ne1 b4 21. f3 f5 22. e4 fxe4 23. fxe4 Bxe4 24. Bxc4 Nxc4 25. Rxf8+ Rxf8 26. Rxc4 bxa3 27. bxa3 Qb2 28. Nf3 Qxa3 29. Ra4 Qe3+ 30. Kh1 Rxf3 0-1

[Event "HUN-ch"]
[Site "Budapest"]
[Date "2023.12.20"]
[Round "9"]
[White "Gombocz, Zsofia"]
[Black "Csiki, Endre"]
[Result "1/2-1/2"]
[WhiteElo "2120"]
[BlackElo "2341"]
[PlyCount "60"]
[EventDate "2023.12.12"]
[EventType "swiss"]
[EventRounds "9"]
[EventCountry "HUN"]
[SourceTitle "CBM 217 Extra"]
[Source "ChessBase"]
[SourceDate "2024.01.31"]
[SourceVersion "1"]
[SourceVersionDate "2024.01.31"]
[SourceQuality "1"]

1. e4 c5 2. Nf3 d6 3. Bb5+ Nd7 4. d4 cxd4 5. Qxd4 a6 6. Bxd7+ Qxd7 7. c4 e5 8. Qd3 f5 9. Nc3 Nf6 10. 0-0 fxe4 11. Nxe4 b5 12. Rd1 Nxe4 13. Qxe4 Bb7 14. Qe3 Qg4 15. h3 Qxc4 16. b3 Qe6 17. Ng5 Qd7 18. Ba3 a5 19. f4 h6 20. Nf3 Be7 21. Nxe5 Qe6 22. Qb6 0-0 23. Qxb7 b4 24. Qd7 Rf6 25. Bb2 dxe5 26. Bxe5 Qxd7 27. Rxd7 Rf7 28. Rad1 a4 29. Kh2 axb3 30. axb3 Ra3 1/2-1/2

[Event "HUN-ch"]
[Site "Budapest"]
[Date "2023.12.14"]
[Round "3"]
[White "Gombocz, Zsofia"]
[Black "Gaal, Zsoka"]
[Result "0-1"]
[WhiteElo "2120"]
[BlackElo "2325"]
[PlyCount "76"]
[EventDate "2023.12.12"]
[EventType "swiss"]
[EventRounds "9"]
[EventCountry "HUN"]
[SourceTitle "CBM 217 Extra"]
[Source "ChessBase"]
[SourceDate "2024.01.31"]
[SourceVersion "1"]
[SourceVersionDate "2024.01.31"]
[SourceQuality "1"]

1. e4 c6 2. d4 d5 3. Nc3 dxe4 4. Nxe4 Bf5 5. Ng3 Bg6 6. h4 h6 7. Nf3 Nd7 8. Bd3 Bxd3 9. Qxd3 e6 10. 0-0 Ngf6 11. Re1 Be7 12. Qe2 0-0 13. c4 Qc7 14. Ne5 Bb4 15. Rd1 Bd6 16. Nxd7 Qxd7 17. Qf3 Qe7 18. Be3 a5 19. Rd3 a4 20. a3 b5 21. c5 Bxg3 22. Qxg3 Kh8 23. Re1 Nd5 24. Bd2 Rad8 25. Rf3 Rd7 26. Qe5 Qxh4 27. Re4 Qd8 28. Rg4 f6 29. Qxe6 Qc8 30. Qf5 Ne7 31. Qh5 Rd5 32. Qh3 h5 33. Rfg3 Rf7 34. Qh2 Qf5 35. Kf1 Kg8 36. Rh4 Qb1+ 37. Be1 Nf5 38. Rxg7+ Nxg7 0-1

[Event "HUN-chT 2324"]
[Site "Hungary"]
[Date "2023.12.10"]
[Round "3.10"]
[White "Balsai, Nikolett"]
[Black "Gombocz, Zsofia"]
[Result "1-0"]
[WhiteElo "1938"]
[BlackElo "2128"]
[PlyCount "61"]
[EventDate "2023.10.28"]
[EventType "team-tourn"]
[EventRounds "9"]
[EventCountry "HUN"]
[SourceTitle "CBM 219 Extra"]
[Source "ChessBase"]
[SourceDate "2024.05.31"]
[SourceVersion "1"]
[SourceVersionDate "2024.05.31"]
[SourceQuality "1"]
[WhiteTeam "Kekes"]
[BlackTeam "Haladas"]
[WhiteTeamCountry "HUN"]
[BlackTeamCountry "HUN"]

1. b3 d5 2. Bb2 Nf6 3. e3 c5 4. f4 Nc6 5. Bb5 Qb6 6. Qe2 Bg4 7. Nf3 Bxf3 8. gxf3 d4 9. Na3 0-0-0 10. Nc4 Qc7 11. Bxc6 Qxc6 12. Ne5 Qd5 13. 0-0-0 Nd7 14. c4 Qe6 15. exd4 cxd4 16. Bxd4 f6 17. f5 Qxf5 18. Nf7 e5 19. Bb2 Nc5 20. d4 exd4 21. Nxd8 Bd6 22. Bxd4 Rxd8 23. Bxc5 Qxc5 24. Kb1 Qa3 25. Qd3 b6 26. Rd2 Kc7 27. Rhd1 g6 28. Qd5 a5 29. Qf7+ Rd7 30. Qxf6 a4 31. c5 1-0

[Event "HUN-chT1 Charousek 2324"]
[Site "Hungary"]
[Date "2023.10.29"]
[Round "3.10"]
[White "Toth, Lili1"]
[Black "Gombocz, Zsofia"]
[Result "1/2-1/2"]
[WhiteElo "1950"]
[BlackElo "2128"]
[PlyCount "128"]
[EventDate "2023.10.08"]
[EventType "team-tourn"]
[EventRounds "11"]
[EventCountry "HUN"]
[SourceTitle "EXT 2025"]
[Source "ChessBase"]
[SourceDate "2024.10.14"]
[SourceVersion "1"]
[SourceVersionDate "2024.10.14"]
[SourceQuality "1"]
[WhiteTeam "Budapest MTK"]
[BlackTeam "Haladas Szombathely II"]
[WhiteTeamCountry "HUN"]
[BlackTeamCountry "HUN"]

1. e4 e5 2. Nf3 Nc6 3. Bc4 Bc5 4. c3 Nf6 5. d4 exd4 6. b4 Bb6 7. e5 d5 8. exf6 dxc4 9. Qe2+ Be6 10. b5 Na5 11. fxg7 Rg8 12. cxd4 Bxd4 13. Nxd4 Qxd4 14. Bb2 Qd5 15. Nc3 Qd3 16. Rd1 Qxe2+ 17. Kxe2 f6 18. Nd5 Rxg7 19. Bxf6 Rd7 20. Nf4 Bg4+ 21. f3 Rf7 22. Bc3 Rxf4 23. fxg4 b6 24. Ke3 Rxg4 25. Kf3 Rg5 26. Rhe1+ Kf8 27. Rd7 Rf5+ 28. Kg4 Rf7 29. Bb4+ Kg8 30. Rxf7 Kxf7 31. Re7+ Kg6 32. Rxc7 Rd8 33. Bxa5 Rd4+ 34. Kf3 bxa5 35. Rxa7 c3 36. Rc7 Rd3+ 37. Ke4 Rd2 38. Rxc3 Rxa2 39. Rb3 a4 40. Rb1 a3 41. b6 Rb2 42. Ra1 Rb4+ 43. Kf3 Rb3+ 44. Kg4 Rb4+ 45. Kh3 Rb3+ 46. g3 Kg5 47. b7 h5 48. Rxa3 Rxb7 49. Ra5+ Kg6 50. g4 hxg4+ 51. Kxg4 Rb4+ 52. Kf3 Rb3+ 53. Kf4 Rb4+ 54. Ke5 Rb2 55. h4 Rh2 56. Ra4 Kh5 57. Kf5 Rf2+ 58. Ke5 Re2+ 59. Kf4 Rf2+ 60. Kg3 Rf5 61. Ra8 Rb5 62. Rh8+ Kg6 63. h5+ Rxh5 64. Rxh5 Kxh5 1/2-1/2

[Event "HUN-chT1 Charousek 2223"]
[Site "Hungary"]
[Date "2023.03.26"]
[Round "8.11"]
[White "Kasnya, Peter"]
[Black "Gombocz, Zsofia"]
[Result "0-1"]
[WhiteElo "1809"]
[BlackElo "2119"]
[PlyCount "46"]
[EventDate "2022.11.20"]
[EventType "team-tourn"]
[EventRounds "9"]
[EventCountry "HUN"]
[SourceTitle "EXT 2025"]
[Source "ChessBase"]
[SourceDate "2024.10.14"]
[SourceVersion "1"]
[SourceVersionDate "2024.10.14"]
[SourceQuality "1"]
[WhiteTeam "Tapolca VSE"]
[BlackTeam "Haladas II"]
[WhiteTeamCountry "HUN"]
[BlackTeamCountry "HUN"]

1. e4 e5 2. Nf3 Nc6 3. Bc4 Bc5 4. c3 Nf6 5. b4 Bb6 6. d3 d6 7. a4 a6 8. 0-0 0-0 9. Nbd2 Be6 10. a5 Ba7 11. Bb3 d5 12. exd5 Bxd5 13. Nc4 Re8 14. Re1 e4 15. dxe4 Nxe4 16. Ne3 Nxc3 17. Qc2 Bxf3 18. Qxc3 Bd4 19. Qc2 Bxa1 20. Qa2 Qf6 21. gxf3 Bc3 22. Rd1 Nxb4 23. Nd5 Qg6+ 0-1

[Event "HUN-chT1 Charousek 2223"]
[Site "Hungary"]
[Date "2023.02.19"]
[Round "6.11"]
[White "Balogh, Marton"]
[Black "Gombocz, Zsofia"]
[Result "0-1"]
[WhiteElo "1955"]
[BlackElo "2104"]
[PlyCount "104"]
[EventDate "2022.11.20"]
[EventType "team-tourn"]
[EventRounds "9"]
[EventCountry "HUN"]
[SourceTitle "EXT 2025"]
[Source "ChessBase"]
[SourceDate "2024.10.14"]
[SourceVersion "1"]
[SourceVersionDate "2024.10.14"]
[SourceQuality "1"]
[WhiteTeam "Csuti Hydro"]
[BlackTeam "Haladas II"]
[WhiteTeamCountry "HUN"]
[BlackTeamCountry "HUN"]

1. d4 d5 2. Nf3 Nf6 3. Bf4 c5 4. e3 Nc6 5. c3 Qb6 6. Qb3 c4 7. Qc2 Bf5 8. Qc1 e6 9. Nh4 Be4 10. Nd2 h6 11. Nhf3 Bh7 12. h3 Qd8 13. b3 b5 14. a4 a6 15. Be2 Be7 16. 0-0 0-0 17. Qb2 Qd7 18. Bd1 Bd3 19. Re1 b4 20. bxc4 dxc4 21. Nb1 Nd5 22. Be2 bxc3 23. Nxc3 Nxc3 24. Bxd3 cxd3 25. Qxc3 Bb4 26. Qxd3 Bxe1 27. Rxe1 Nb4 28. Qb3 Nd5 29. Ne5 Qc8 30. Bg3 Qc3 31. Qxc3 Nxc3 32. Nd7 Rfd8 33. Nb6 Ra7 34. a5 Rb7 35. Kf1 Nd5 36. Rb1 Rc8 37. Rb3 Rc1+ 38. Ke2 Ra1 39. e4 Nf6 40. d5 exd5 41. Be5 Ra2+ 42. Ke3 Nxe4 43. Rd3 Rxa5 44. Nxd5 Nc5 45. Rd1 Ne6 46. Ke4 Ra4+ 47. Kf5 Ng5 48. f4 Ne4 49. Rc1 h5 50. Rc8+ Kh7 51. Bc7 Rb5 52. Ke5 Nc3 0-1

[Event "HUN-chT1 Charousek 2122"]
[Site "Hungary"]
[Date "2022.04.10"]
[Round "11.11"]
[White "Berta, Tibor"]
[Black "Gombocz, Zsofia"]
[Result "1/2-1/2"]
[WhiteElo "2027"]
[BlackElo "2121"]
[PlyCount "89"]
[EventDate "2021.10.10"]
[EventType "team-tourn"]
[EventRounds "11"]
[EventCountry "HUN"]
[SourceTitle "EXT 2025"]
[Source "ChessBase"]
[SourceDate "2024.10.14"]
[SourceVersion "1"]
[SourceVersionDate "2024.10.14"]
[SourceQuality "1"]
[WhiteTeam "Paks ASE II"]
[BlackTeam "Haladas II"]
[WhiteTeamCountry "HUN"]
[BlackTeamCountry "HUN"]

1. d4 d5 2. Nf3 Nf6 3. Bf4 c5 4. e3 Nc6 5. Be2 Qb6 6. b3 Bf5 7. 0-0 e6 8. c3 Ne4 9. Ne5 f6 10. Nxc6 Qxc6 11. f3 Nd6 12. Bd3 Bxd3 13. Qxd3 Be7 14. Nd2 0-0 15. Rac1 Rac8 16. Bxd6 Bxd6 17. c4 Qa6 18. Qb1 cxd4 19. exd4 Bf4 20. Qd3 dxc4 21. Rxc4 Bxd2 22. Qxd2 Rxc4 23. bxc4 Qxc4 24. Rc1 Qd5 25. Rc5 Qd6 26. Qc3 Rd8 27. Rc8 Qd7 28. Rxd8+ Qxd8 29. Kf2 h6 30. a3 Qd5 31. h4 a5 32. Ke3 f5 33. g3 a4 34. h5 Qd6 35. Kf2 Qc6 36. Qb2 Qc4 37. Qxb7 Qxd4+ 38. Kg2 Qd2+ 39. Kh3 Qc1 40. Kg2 Qxa3 41. Qc8+ Kf7 42. Qd7+ Kf6 43. Qd8+ Kf7 44. Qd7+ Kf6 45. Qd8+ 1/2-1/2

[Event "HUN-chT1 Charousek 2122"]
[Site "Hungary"]
[Date "2022.01.30"]
[Round "7.11"]
[White "Hitter, Gabriella"]
[Black "Gombocz, Zsofia"]
[Result "0-1"]
[WhiteElo "2081"]
[BlackElo "2117"]
[PlyCount "54"]
[EventDate "2021.10.10"]
[EventType "team-tourn"]
[EventRounds "11"]
[EventCountry "HUN"]
[SourceTitle "EXT 2025"]
[Source "ChessBase"]
[SourceDate "2024.10.14"]
[SourceVersion "1"]
[SourceVersionDate "2024.10.14"]
[SourceQuality "1"]
[WhiteTeam "Szentgotthard Alsoszolnok"]
[BlackTeam "Haladas II"]
[WhiteTeamCountry "HUN"]
[BlackTeamCountry "HUN"]

1. e4 e5 2. Nf3 Nc6 3. Bb5 a6 4. Ba4 Nf6 5. 0-0 Be7 6. Re1 b5 7. Bb3 0-0 8. c3 d5 9. exd5 Nxd5 10. h3 Bb7 11. d4 exd4 12. Nxd4 Nxd4 13. Qxd4 Bf6 14. Qg4 Re8 15. Rd1 Qe7 16. Na3 Rad8 17. Nc2 Qe5 18. Re1 Qd6 19. Rd1 Qc6 20. Bg5 h5 21. Qg3 Re5 22. Bxf6 Qxf6 23. Ne3 Rg5 24. Qh4 Nxe3 25. Rxd8+ Qxd8 26. g3 Nc4 27. Rd1 Qf6 0-1

[Event "HUN-chT2 Szechenyi 2122"]
[Site "Hungary"]
[Date "2021.12.19"]
[Round "4.3"]
[White "Gombocz, Zsofia"]
[Black "Kolimar, Kristof Pal"]
[Result "0-1"]
[WhiteElo "2120"]
[BlackElo "2218"]
[PlyCount "92"]
[EventDate "2021.10.10"]
[EventType "team-tourn"]
[EventRounds "9"]
[EventCountry "HUN"]
[SourceTitle "EXT 2025"]
[Source "ChessBase"]
[SourceDate "2024.10.14"]
[SourceVersion "1"]
[SourceVersionDate "2024.10.14"]
[SourceQuality "1"]
[WhiteTeam "Haladas III"]
[BlackTeam "Sentimento Ajka BSK"]
[WhiteTeamCountry "HUN"]
[BlackTeamCountry "HUN"]

1. e4 c5 2. Nf3 e6 3. c4 Nc6 4. Nc3 e5 5. Be2 d6 6. d3 f5 7. exf5 Bxf5 8. Bg5 Be7 9. Bxe7 Ngxe7 10. Nh4 Be6 11. Bh5+ g6 12. Bg4 Qd7 13. Bxe6 Qxe6 14. Qf3 0-0-0 15. Qe3 Nd4 16. 0-0-0 Qg4 17. Qe4 Qxe4 18. Nxe4 h6 19. Nd2 g5 20. Nhf3 Nxf3 21. Nxf3 Rdf8 22. Rhg1 Kd7 23. Rd2 Nf5 24. Ne1 b5 25. Nc2 Kc6 26. Re1 g4 27. Ne3 h5 28. Nxf5 Rxf5 29. g3 Rhf8 30. Ree2 d5 31. b3 a6 32. Kd1 Kd6 33. Ke1 d4 34. Re4 Rf3 35. h4 bxc4 36. bxc4 Rb8 37. Kf1 Rb1+ 38. Kg2 Rc1 39. Rde2 Rxd3 40. Rxe5 Rdd1 41. Rd5+ Kc6 42. f4 Rxc4 43. Rxh5 d3 44. Rh6+ Kb5 45. Rb2+ Ka5 46. Rf2 Rcc1 0-1

[Event "HUN-ch U18"]
[Site "Eger"]
[Date "2021.08.25"]
[Round "4"]
[White "Gombocz, Zsofia"]
[Black "Nagy, Bettina"]
[Result "1-0"]
[WhiteElo "2121"]
[BlackElo "1592"]
[PlyCount "69"]
[EventDate "2021.08.20"]
[EventType "swiss"]
[EventRounds "7"]
[EventCountry "HUN"]
[SourceTitle "EXT 2022"]
[Source "ChessBase"]
[SourceDate "2021.10.06"]
[SourceVersion "1"]
[SourceVersionDate "2021.10.06"]
[SourceQuality "1"]

1. e4 e6 2. d4 d5 3. Nd2 Nc6 4. Ngf3 Nf6 5. e5 Nd7 6. Be2 f6 7. exf6 Qxf6 8. Nf1 Bd6 9. Ng3 0-0 10. 0-0 Ne7 11. c4 c6 12. Bd3 Ng6 13. Ng5 Bxg3 14. hxg3 h6 15. Qh5 Ne7 16. Nf3 Qf7 17. Qxf7+ Rxf7 18. c5 a5 19. Bf4 b6 20. cxb6 Nxb6 21. Rac1 Bd7 22. Bc7 Nbc8 23. Ne5 Nf5 24. Nxf7 Kxf7 25. Be5 Nce7 26. g4 Nh4 27. f4 Nhg6 28. Bd6 Nc8 29. Bc5 Rb8 30. f5 exf5 31. Bxf5 Bxf5 32. Rxf5+ Kg8 33. Re1 Kh7 34. Re8 a4 35. a3 1-0

[Event "HUN-ch U18"]
[Site "Eger"]
[Date "2021.08.24"]
[Round "2"]
[White "Koltai, Dora"]
[Black "Gombocz, Zsofia"]
[Result "1-0"]
[WhiteElo "1897"]
[BlackElo "2121"]
[PlyCount "87"]
[EventDate "2021.08.20"]
[EventType "swiss"]
[EventRounds "7"]
[EventCountry "HUN"]
[SourceTitle "EXT 2022"]
[Source "ChessBase"]
[SourceDate "2021.10.06"]
[SourceVersion "1"]
[SourceVersionDate "2021.10.06"]
[SourceQuality "1"]

1. e4 e5 2. Nf3 Nc6 3. Bb5 a6 4. Ba4 Nf6 5. 0-0 Be7 6. Re1 b5 7. Bb3 0-0 8. a4 b4 9. d4 d6 10. dxe5 Nxe5 11. Nxe5 dxe5 12. Qe2 Bc5 13. Bg5 h6 14. Bh4 g5 15. Bg3 Bg4 16. Qc4 Qe7 17. Kh1 Nh5 18. h3 Nxg3+ 19. fxg3 Be6 20. Qe2 Bxb3 21. cxb3 Bd4 22. Rf1 Rfd8 23. Rf5 Rd6 24. Nd2 Bxb2 25. Raf1 Bc3 26. Nc4 Rg6 27. Qf3 Rf8 28. Ne3 c6 29. Ng4 Qe6 30. Nf6+ Kg7 31. Nh5+ Kh8 32. Nf6 Bd4 33. Qh5 Kg7 34. Ng4 f6 35. R5f3 c5 36. Rd1 Rf7 37. Ne3 Bxe3 38. Rxe3 g4 39. Red3 Rg5 40. Qh4 f5 41. Rd6 Qxd6 42. Rxd6 Rg6 43. Rxg6+ Kxg6 44. exf5+ 1-0

[Event "HUN-ch Rapid"]
[Site "Ajka"]
[Date "2021.07.17"]
[Round "5"]
[White "Terbe, Julianna"]
[Black "Gombocz, Zsofia"]
[Result "1-0"]
[WhiteElo "2305"]
[BlackElo "2121"]
[PlyCount "37"]
[EventDate "2021.07.16"]
[EventType "swiss (rapid)"]
[EventRounds "13"]
[EventCountry "HUN"]
[SourceTitle "CBM 203 Extra"]
[Source "ChessBase"]
[SourceDate "2021.09.30"]
[SourceVersion "1"]
[SourceVersionDate "2021.09.30"]
[SourceQuality "1"]

1. d4 d5 2. Nf3 Nf6 3. g3 e6 4. Bg2 Be7 5. c4 0-0 6. Qc2 c6 7. 0-0 b6 8. b3 Bb7 9. Nc3 Na6 10. Bb2 c5 11. cxd5 Nxd5 12. Nxd5 Bxd5 13. e4 Bb7 14. Rfd1 cxd4 15. Nxd4 Qc8 16. Qe2 e5 17. Nf5 Qe6 18. Qg4 Bf6 19. Rd6 1-0

[Event "Tapolca Olympic Hopes"]
[Site "Tapolca"]
[Date "2021.06.26"]
[Round "5"]
[White "Kolimar, Kristof Pal"]
[Black "Gombocz, Zsofia"]
[Result "1/2-1/2"]
[WhiteElo "2110"]
[BlackElo "2087"]
[PlyCount "68"]
[EventDate "2021.06.24"]
[EventType "swiss"]
[EventRounds "7"]
[EventCountry "HUN"]
[SourceTitle "CBM 203 Extra"]
[Source "ChessBase"]
[SourceDate "2021.09.30"]
[SourceVersion "1"]
[SourceVersionDate "2021.09.30"]
[SourceQuality "1"]

1. d4 d5 2. Nf3 Nf6 3. c4 e6 4. g3 Be7 5. Bg2 0-0 6. 0-0 c6 7. Qc2 b6 8. b3 Bb7 9. Rd1 Na6 10. Nc3 Rc8 11. e4 Nb4 12. Qe2 c5 13. exd5 exd5 14. a3 Na6 15. Nxd5 Nxd5 16. cxd5 Re8 17. Bb2 Bf6 18. Qd2 Bxd5 19. dxc5 Bxb3 20. Qxd8 Bxd8 21. Rd7 Nxc5 22. Rxa7 b5 23. Bd4 Bb6 24. Bxc5 Bxc5 25. Rb7 Bc4 26. Nd2 Bd3 27. Nb3 Be7 28. Re1 Bxa3 29. Rxe8+ Rxe8 30. Bc6 Re1+ 31. Kg2 Bf8 32. Rb8 b4 33. Nc5 Bf5 34. Nd7 Bxd7 1/2-1/2

[Event "Tapolca Olympic Hopes"]
[Site "Tapolca"]
[Date "2021.06.24"]
[Round "2"]
[White "Pribelszky, Bence Daniel"]
[Black "Gombocz, Zsofia"]
[Result "1-0"]
[WhiteElo "2284"]
[BlackElo "2087"]
[PlyCount "77"]
[EventDate "2021.06.24"]
[EventType "swiss"]
[EventRounds "7"]
[EventCountry "HUN"]
[SourceTitle "CBM 203 Extra"]
[Source "ChessBase"]
[SourceDate "2021.09.30"]
[SourceVersion "1"]
[SourceVersionDate "2021.09.30"]
[SourceQuality "1"]

1. b3 d5 2. Bb2 Nf6 3. e3 e6 4. g4 h6 5. Bg2 c5 6. h4 d4 7. g5 hxg5 8. hxg5 Rxh1 9. Bxh1 Nd5 10. g6 Nc6 11. gxf7+ Kxf7 12. Qh5+ g6 13. Qh2 Bg7 14. Be4 Nde7 15. Nf3 Qh8 16. Qxh8 Bxh8 17. exd4 cxd4 18. Na3 Bf6 19. Nb5 e5 20. 0-0-0 Nf5 21. Rh1 Kg7 22. Nc7 Rb8 23. Ne8+ Kf7 24. Nxf6 Kxf6 25. Bxc6 bxc6 26. Rh8 Nd6 27. Ba3 Nf7 28. Rf8 Kg7 29. Re8 Kf6 30. Be7+ Kg7 31. Bc5 Kf6 32. Nxe5 Nxe5 33. Bxd4 Kf5 34. Rxe5+ Kf4 35. Re8 Ra8 36. Be3+ Kf5 37. Kb2 a6 38. Kc3 Bb7 39. Re7 1-0

[Event "Hello Sakk Cup Alekhine"]
[Site "Tornelo INT"]
[Date "2021.02.20"]
[Round "2"]
[White "Borhy, Marcell Boldizsar"]
[Black "Gombocz, Zsofia"]
[Result "1-0"]
[WhiteElo "2392"]
[BlackElo "2087"]
[PlyCount "165"]
[EventDate "2021.02.20"]
[EventType "tourn (rapid)"]
[EventRounds "7"]
[EventCountry "HUN"]
[SourceTitle "CBM 200 Extra"]
[Source "ChessBase"]
[SourceDate "2021.03.31"]
[SourceVersion "1"]
[SourceVersionDate "2021.03.31"]
[SourceQuality "1"]

1. d4 d5 2. c4 e6 3. Nf3 Nf6 4. g3 Be7 5. Bg2 0-0 6. 0-0 c6 7. Nc3 b6 8. Ne5 Bb7 9. e4 Nbd7 10. Nxc6 Bxc6 11. exd5 exd5 12. cxd5 Bb7 13. d6 Bxg2 14. dxe7 Qxe7 15. Kxg2 Rfd8 16. Qf3 h6 17. Rd1 Rac8 18. b3 Nf8 19. Bb2 Ne6 20. d5 Ng5 21. Qf5 Qb7 22. h4 Ne6 23. Rd2 Rd7 24. Rad1 Rcd8 25. Kh2 Nf8 26. Ba3 b5 27. Bc5 a6 28. b4 Qc7 29. Rd3 Ng6 30. Kg1 Re8 31. d6 Qc6 32. Nd5 Nxd5 33. Rxd5 Re6 34. h5 Nf8 35. Qg4 Nh7 36. Qd4 Nf6 37. Re5 Rxe5 38. Qxe5 Rd8 39. Qf5 Rd7 40. Rd4 Qb7 41. Rd3 Qc6 42. Re3 Rd8 43. Re7 Rd7 44. Re5 Rd8 45. Kh2 Rd7 46. Re7 Rd8 47. Rc7 Qe8 48. Re7 Qc6 49. Kg1 Rd7 50. Qe5 Rd8 51. Rc7 Qf3 52. Qe7 Qd1+ 53. Kh2 Qxh5+ 54. Kg2 Qd5+ 55. Kf1 Qd1+ 56. Qe1 Qd3+ 57. Kg1 Ng4 58. Re7 Nf6 59. Qe2 Qf5 60. Re5 Qd7 61. Re7 Qc6 62. Rc7 Qd5 63. Re7 Qc6 64. Qd3 Rd7 65. Re5 Rd8 66. Qb3 Qd7 67. Re7 Qg4 68. Qxf7+ Kh8 69. Re1 Rd7 70. Qf8+ Kh7 71. Qa8 Qf5 72. Qxa6 Qd3 73. Qa8 Qf5 74. Qc6 Qd3 75. Re7 Qf5 76. Rxd7 Nxd7 77. Qxb5 Qe6 78. Qd3+ Kg8 79. a4 Ne5 80. Qe3 Qf5 81. Kg2 Qe6 82. Qe4 Qf6 83. Bd4 1-0